[Rezension von: Ursula Härting (Hrsg.), Gärten und Höfe der Rubenszeit im Spiegel der Malerfamilie Breughel und der Künstler um Peter Paul Rubens]
Saved in:
| Published in: | Kunstform 4(2003), 2 |
|---|---|
| Main Author: | |
| Document Type: | Online Resource Article |
| Language: | German |
| Published: |
2003
|
| Subjects: | |
| Online Access: | kostenfrei |
| Related Items: | Enthalten in:
Kunstform Rezension von: Gärten und Höfe der Rubenszeit im Spiegel der Malerfamilie Brueghel und der Künstler um Peter Paul Rubens |
| Author Notes: | rezensiert von Iris Lauterbach |
| LEADER | 01842caa a2200349 c 4500 | ||
|---|---|---|---|
| 001 | 1920618910 | ||
| 003 | DE-627 | ||
| 005 | 20260419052913.0 | ||
| 007 | cr uuu---uuuuu | ||
| 008 | 250326s2003 xx |||||oo 00| ||ger c | ||
| 035 | |a (DE-627)1920618910 | ||
| 035 | |a (DE-599)KXP1920618910 | ||
| 035 | |a (OCoLC)1533747015 | ||
| 040 | |a DE-627 |b ger |c DE-627 |e rda | ||
| 041 | |a ger | ||
| 084 | |a KUNST |q DE-16 |2 fid | ||
| 100 | 1 | |a Lauterbach, Iris |e VerfasserIn |0 (DE-588)143263803 |0 (DE-627)64435688X |0 (DE-576)164724338 |4 aut | |
| 245 | 1 | 0 | |a [Rezension von: Ursula Härting (Hrsg.), Gärten und Höfe der Rubenszeit im Spiegel der Malerfamilie Breughel und der Künstler um Peter Paul Rubens] |c rezensiert von Iris Lauterbach |
| 264 | 1 | |c 2003 | |
| 300 | |b Illustrationen | ||
| 336 | |a Text |b txt |2 rdacontent | ||
| 337 | |a Computermedien |b c |2 rdamedia | ||
| 338 | |a Online-Ressource |b cr |2 rdacarrier | ||
| 655 | 7 | |a Rezension |0 (DE-588)4049712-4 |0 (DE-627)106186019 |0 (DE-576)209083166 |2 gnd-content | |
| 773 | 0 | 8 | |i Enthalten in |t Kunstform |d München : Ludwig-Maximilians-Universität München, Institut für Kunstgeschichte, 2000 |g 4(2003), 2 |h Online-Ressource |w (DE-627)382929004 |w (DE-600)2140180-9 |w (DE-576)281244731 |x 1618-7199 |7 nnas |
| 773 | 1 | 8 | |g volume:4 |g year:2003 |g number:2 |
| 787 | 0 | 8 | |i Rezension von |t Gärten und Höfe der Rubenszeit im Spiegel der Malerfamilie Brueghel und der Künstler um Peter Paul Rubens |d München : Hirmer, 2000 |h XVIII, 466 Seiten |w (DE-627)32108537X |w (DE-576)088215830 |z 3777488909 |
| 856 | 4 | 0 | |u https://www.arthistoricum.net/kunstform/rezension/ausgabe/2003/2/3439 |x Verlag |z kostenfrei |3 Volltext |7 0 |
| 951 | |a AR | ||
| 994 | |u https://www.arthistoricum.net/themen/rezensionen/kunstform/rezension/ausgabe/2003/2/3439 | ||
| 991 | |a Rezension (Monographie, Zeitschrift, Aufsatz) | ||
| 999 | |a KXP-PPN1920618910 |e 4955655548 | ||


